<?xml version="1.0" encoding="UTF-8"?>
<record
    xmlns:xsi="http://www.w3.org/2001/XMLSchema-instance"
    xsi:schemaLocation="http://www.loc.gov/MARC21/slim http://www.loc.gov/standards/marcxml/schema/MARC21slim.xsd"
    xmlns="http://www.loc.gov/MARC21/slim">

  <leader>03268nam a2200529Ia 4500</leader>
  <controlfield tag="001">3587</controlfield>
  <controlfield tag="008">241029s9999    xx            000 0 und d</controlfield>
  <datafield tag="010" ind1=" " ind2=" ">
    <subfield code="a">3363</subfield>
  </datafield>
  <datafield tag="041" ind1=" " ind2=" ">
    <subfield code="a">Espa&#xF1;ol</subfield>
  </datafield>
  <datafield tag="082" ind1=" " ind2=" ">
    <subfield code="a">MA-OEIP 0002 FH 2010</subfield>
  </datafield>
  <datafield tag="245" ind1=" " ind2="0">
    <subfield code="a">Factores protectores de riesgos psicosociales en estudiantes de S&#xE9;ptimo Grado en la Escuela Santiago Guzm&#xE1;n Espaillat. A&#xF1;o 2009-2010</subfield>
  </datafield>
  <datafield tag="260" ind1=" " ind2=" ">
    <subfield code="a">Santiago</subfield>
  </datafield>
  <datafield tag="300" ind1=" " ind2=" ">
    <subfield code="a">127</subfield>
  </datafield>
  <datafield tag="520" ind1=" " ind2=" ">
    <subfield code="a">12</subfield>
  </datafield>
  <datafield tag="630" ind1=" " ind2=" ">
    <subfield code="a">Factores</subfield>
  </datafield>
  <datafield tag="650" ind1=" " ind2=" ">
    <subfield code="a">Orientaci&#xF3;n</subfield>
  </datafield>
  <datafield tag="690" ind1=" " ind2=" ">
    <subfield code="a">Elaborado</subfield>
  </datafield>
  <datafield tag="700" ind1=" " ind2=" ">
    <subfield code="e">asesor</subfield>
    <subfield code="a">&#xC3;&#x81;vila, Casilda</subfield>
  </datafield>
  <datafield tag="700" ind1=" " ind2=" ">
    <subfield code="e">autor</subfield>
    <subfield code="a"> Marilis, Silvia</subfield>
  </datafield>
  <datafield tag="700" ind1=" " ind2=" ">
    <subfield code="e">autor</subfield>
    <subfield code="a">Genao, Luisa Quisqueya</subfield>
  </datafield>
  <datafield tag="901" ind1=" " ind2=" ">
    <subfield code="a">{"1":" Marilis","2":"Genao"}</subfield>
    <subfield code="b">{"1":"Silvia","2":"Luisa Quisqueya"}</subfield>
  </datafield>
  <datafield tag="902" ind1=" " ind2=" ">
    <subfield code="a">1</subfield>
  </datafield>
  <datafield tag="903" ind1=" " ind2=" ">
    <subfield code="a">{"1":"&#xC3;&#x81;vila"}</subfield>
    <subfield code="b">{"1":"Casilda"}</subfield>
  </datafield>
  <datafield tag="904" ind1=" " ind2=" ">
    <subfield code="a">Maestr&#xED;a en</subfield>
  </datafield>
  <datafield tag="905" ind1=" " ind2=" ">
    <subfield code="a">Orientaci&#xF3;n Educativa e Intervenci&#xF3;n Psicopedag&#xF3;gica</subfield>
  </datafield>
  <datafield tag="906" ind1=" " ind2=" ">
    <subfield code="a">2</subfield>
  </datafield>
  <datafield tag="907" ind1=" " ind2=" ">
    <subfield code="a">NO APLICA</subfield>
  </datafield>
  <datafield tag="908" ind1=" " ind2=" ">
    <subfield code="a">NO APLICA</subfield>
  </datafield>
  <datafield tag="909" ind1=" " ind2=" ">
    <subfield code="a">Universidad Aut&#xF3;noma de Santo Domingo (UASD)</subfield>
  </datafield>
  <datafield tag="910" ind1=" " ind2=" ">
    <subfield code="a">NULL</subfield>
    <subfield code="b">NULL</subfield>
  </datafield>
  <datafield tag="911" ind1=" " ind2=" ">
    <subfield code="a">["1"]</subfield>
  </datafield>
  <datafield tag="912" ind1=" " ind2=" ">
    <subfield code="a">NO APLICA</subfield>
  </datafield>
  <datafield tag="913" ind1=" " ind2=" ">
    <subfield code="a">NULL</subfield>
  </datafield>
  <datafield tag="914" ind1=" " ind2=" ">
    <subfield code="a">01 de Julio de 2010</subfield>
  </datafield>
  <datafield tag="915" ind1=" " ind2=" ">
    <subfield code="a">10/07/15 05:07</subfield>
  </datafield>
  <datafield tag="916" ind1=" " ind2=" ">
    <subfield code="a">NULL</subfield>
  </datafield>
  <datafield tag="917" ind1=" " ind2=" ">
    <subfield code="a">NULL</subfield>
  </datafield>
  <datafield tag="918" ind1=" " ind2=" ">
    <subfield code="a">NO APLICA</subfield>
  </datafield>
  <datafield tag="919" ind1=" " ind2=" ">
    <subfield code="a">["243"]</subfield>
  </datafield>
  <datafield tag="520" ind1=" " ind2=" ">
    <subfield code="a">El estudio se plante&#xF3; como objetivo principal desarrollar estrategias que propicien en los alumnos de s&#xE9;ptimo grado de la Escuela Santiago Guzm&#xE1;n Espaillat, Factores Protectores orientados hacia la prevenci&#xF3;n de Riesgos Psicosociales.La metodolog&#xED;a utilizada fue de car&#xE1;cter cualitativo, descriptivo y exploratorio, con una modalidad de la investigaci&#xF3;n acci&#xF3;n. Las t&#xE9;cnicas utilizadas fueron: El triple diagn&#xF3;stico, la observaci&#xF3;n, encuestas y el cuestionario. Se tom&#xF3; como poblaci&#xF3;n los estudiantes de la escuela Santiago Guzm&#xE1;n Espaillat, con una muestra de 45 estudiantes de s&#xE9;ptimo grado.Los an&#xE1;lisis realizados indican que se trat&#xF3; de prevenir los riesgos psicosociales que afectan a los estudiantes y se intervino a todos los actores del proceso ense&#xF1;anza-aprendizaje de manera directa, con conversatorios, entrevistas, encuentro con la comunidad, con la familia, entre otras actividades. Esta acci&#xF3;n fue considerada como positiva porque al final de cada intervenci&#xF3;n, cada uno de los implicados se expres&#xF3; y se valor&#xF3; como parte importante para el desarrollo socio educativo, en la creaci&#xF3;n de factores protectores que benefician la vida de los adolescentes del s&#xE9;ptimo grado de la referida escuela.La investigaci&#xF3;n sugiere que deben motivar a los docentes para que desarrollen el programa de seguimiento y que se logre dar continuidad a los Factores Protectores de Riesgos Psicosociales creados en esta investigaci&#xF3;n. Evitar la sobreedad y crear grados con j&#xF3;venes de similar edad, con la finalidad de disminuir los riesgos que podr&#xED;an afectar su salud psicosocial. Adem&#xE1;s crear ambientes favorables para la capacitaci&#xF3;n de los docentes, en torno al trato que deben dar a los alumnos. A los docentes, incentivar a los estudiantes para que asistan a los programas preventivos Factores Protectores de Riesgos Psicosociales.</subfield>
  </datafield>
  <datafield tag="921" ind1=" " ind2=" ">
    <subfield code="a">16</subfield>
  </datafield>
  <datafield tag="922" ind1=" " ind2=" ">
    <subfield code="a">16</subfield>
  </datafield>
  <datafield tag="923" ind1=" " ind2=" ">
    <subfield code="a">0</subfield>
  </datafield>
  <datafield tag="924" ind1=" " ind2=" ">
    <subfield code="a">NO APLICA</subfield>
  </datafield>
  <datafield tag="942" ind1=" " ind2=" ">
    <subfield code="c">Tesis</subfield>
  </datafield>
  <datafield tag="999" ind1=" " ind2=" ">
    <subfield code="c">3363</subfield>
    <subfield code="d">3363</subfield>
  </datafield>
</record>
